Trade and transitions : (Record no. 2188)

000 -LEADER
fixed length control field nam a22 7a 4500
005 - DATE AND TIME OF LATEST TRANSACTION
control field 20170515151419.0
008 - FIXED-LENGTH DATA ELEMENTS--GENERAL INFORMATION
fixed length control field 170515b1990 enk||||| |||| 00| 0 eng d
020 ## - INTERNATIONAL STANDARD BOOK NUMBER
International Standard Book Number 0415049776
040 ## - CATALOGING SOURCE
Original cataloging agency AKMAL
082 ## - DEWEY DECIMAL CLASSIFICATION NUMBER
Classification number 382.6091 TRE
090 ## - LOCALLY ASSIGNED LC-TYPE CALL NUMBER (OCLC); LOCAL CALL NUMBER (RLIN)
Classification number (OCLC) (R) ; Classification number, CALL (RLIN) (NR) 382.6091
Local cutter number (OCLC) ; Book number/undivided call number, CALL (RLIN) TRE
100 1# - MAIN ENTRY--PERSONAL NAME
Personal name Trebilcock, M. J.
9 (RLIN) 4611
245 10 - TITLE STATEMENT
Title Trade and transitions :
Remainder of title a comparative analysis of adjustment policies /
Statement of responsibility, etc. Michael J. Trebilcock, Marsha A. Chandler and Robert Howse.
260 ## - PUBLICATION, DISTRIBUTION, ETC.
Place of publication, distribution, etc. London :
Name of publisher, distributor, etc. Routledge,
Date of publication, distribution, etc. 1990
300 ## - PHYSICAL DESCRIPTION
Extent xiv, 277 p. ;
Dimensions 23 cm
500 ## - GENERAL NOTE
General note Bibliography: p. 228-270p. - Includes index.
650 #0 - SUBJECT ADDED ENTRY--TOPICAL TERM
Topical term or geographic name entry element Trade adjustment assistance.
9 (RLIN) 4612
700 1# - ADDED ENTRY--PERSONAL NAME
Personal name Chandler, Marsha A.,
Dates associated with a name 1945-
9 (RLIN) 4613
700 1# - ADDED ENTRY--PERSONAL NAME
Personal name Howse, Robert,
Dates associated with a name 1958-
9 (RLIN) 4614
942 ## - ADDED ENTRY ELEMENTS (KOHA)
Source of classification or shelving scheme
Koha item type Book
Holdings
Withdrawn status Lost status Source of classification or shelving scheme Damaged status Not for loan Collection code Home library Current library Shelving location Date acquired Inventory number Total Checkouts Full call number Barcode Date last seen Price effective from Koha item type
          NON-FICTION AKMAL Melaka AKMAL Melaka PINJAMAN 15.05.2017 302152   382.6091 TRE 201706547 15.05.2017 15.05.2017 Book
Pusat Sumber Maklumat Dato' Haji Sarmin Md Hussin, Akademi Kastam Diraja Malaysia, Melaka
Tel: 06-2331106 | Faks: 06-2313787